Teddy and the ghost
| Main Author: | |
|---|---|
| Format: | Book |
| Published: |
England :
Brimax Books Ltd. ,
1997
|
| Subjects: |
MARC
| LEADER | 00000cam a2200000 7i4500 | ||
|---|---|---|---|
| 001 | 0000069271 | ||
| 005 | 20220105104238.0 | ||
| 008 | 170116 | ||
| 020 | |a 185854548X | ||
| 020 | |a 9781858545486 | ||
| 090 | 0 | 0 | |a JP |b ENG |
| 100 | 1 | |a Inman, Sue | |
| 245 | 1 | 0 | |a Teddy and the ghost |c Sue Inman; illustrated by Roy Trower |
| 260 | |a England : |b Brimax Books Ltd. , |c 1997 | ||
| 300 | |a [s.n.] ; |c Col.ill. | ||
| 500 | |a Children age 4-6 years old (yellow) | ||
| 650 | 0 | |a Animal |x Fiction | |
| 650 | 0 | |a Junior preschool |x English |x Languages | |
| 999 | |a 0000829287 |b Book |c Children Collection |e Cawangan Segamat | ||